| 000 | 00492 a2200157 4500 | ||
|---|---|---|---|
| 999 |
_c2544 _d2544 |
||
| 020 | _a9781444142488 | ||
| 050 | _aHF5500 SUT 2011 | ||
| 100 |
_aSutherland, Jon _eauthor |
||
| 245 |
_aOCR business and administration : _bNVQ level 3 _cJon Sutherland & Diane Sutherland |
||
| 264 |
_aLondon _bHodder Education _c2011 |
||
| 300 |
_a288p. : _bill. |
||
| 500 | _aIncludes index | ||
| 650 |
_aBusiness. _xIndustrial management |
||
| 700 |
_aSutherland, Duane _eauthor |
||
| 942 |
_2lcc _cBK _h5500 _iSUT _kHF |
||